Russian Capitals - Statistics

General Stats
  • This quiz has been taken 87 times
  • The average score is 13 of 17
Answer Stats
Period Country Name Answer % Correct
1480-1547 Grand Duchy of ****** Moscow
100%
1547-1564 Tsardom of Russia Moscow
100%
1581-1712 Tsardom of Russia Moscow
100%
1728-1730 Russian Empire Moscow
100%
1918-1922 Russian Socialist Federative Soviet Republic Moscow
100%
1922-1991 Soviet Union Moscow
100%
since 1991 Russian Federation Moscow
100%
1712-1721 Tsardom of Russia Saint Petersburg
95%
1721-1728 Russian Empire Saint Petersburg
95%
1730-1914 Russian Empire Saint Petersburg
95%
882-1223 ****an Rus' Kiev
75%
862-882 Rus' Novgorod
54%
1914-1917 Russian Empire Petrograd
37%
1917 Russian Republic Petrograd
37%
1917-1918 Russian Soviet Republic Petrograd
37%
1223-1480 Golden Horde Sarai
18%
1564-1581 Tsardom of Russia Alexandrov
9%
No matching quizzes found
Score Distribution
Percent of People with Each Score
Percentile by Number Answered
Your Score History
You have not taken this quiz